| 000 | 00851nam a22002057a 4500 | ||
|---|---|---|---|
| 999 |
_c885 _d885 |
||
| 003 | AR-CdUCM | ||
| 008 | 190225b ||||| |||| 00| 0 spa d | ||
| 040 |
_aMUNICIPALIDAD PROVINCIAL DEL CUSCO _cBIBLIOTECA MUNICIPAL DEL CUSCO |
||
| 082 |
_a327.985 / _bG26 |
||
| 100 |
_aGarcía Bedoya, Carlos _93394 |
||
| 245 |
_aPolítica exterior peruana : _bTeoría y practica / |
||
| 260 |
_aLima : _bMosca azul editores SRL.; _c1981. |
||
| 300 |
_a144 paginas ; _c20 cm. |
||
| 505 | _aCiencias sociales, ciencia política y relaciones internacionales -- Política exterior del Perú -- Esquema de política exterior -- Estudios de casos -- Desarrollo económico y político internacional ... | ||
| 650 |
_aRelaciones internacionales _93395 |
||
| 650 |
_aPolítica mundial _93360 |
||
| 650 |
_aDiplomacia _93396 |
||
| 942 |
_2ddc _cLIBROS |
||
| 945 |
_arum _d2019-02-25 |
||